000 00525nam a2200217 a 4500
001 nice12345678
003 IN_TiNIC
005 20260116013630.0
008 070621s1973 newa grp 000 0 eng
020 _a
_c100
082 0 0 _a225
_bINT
245 _aHoly Bible
260 _aNew Jersey
_bInternational Bible Society
_c1973
300 _a207p
500 _aincludes index and biblioraphy
650 _aNew Testament
710 2 _aInternational Bible Society
902 _bSRS
942 _cBK
999 _c11729
_d11729